000 00509nam a2200169Ia 4500
008 240729s9999 xx 000 0 und d
245 0 _aLight: Advanced Manufacturing
260 _aChina
260 _bLight Publishing Group
650 _a Applied optics. Photonics
650 _a Engineering (General). Civil engineering (General)
650 _a Manufactures | Technology
650 _aTechnology
856 _uhttps://doaj.org/toc/9039d2a73f124f5d8c1168287a867f4f
942 _2ddc
942 _cDOAJEJ
999 _c66667
_d66667
945 _a1
_bMadushi Gamage
_c1
_dMadushi Gamage